Paesi dell'Africa - Un minuto sprint - Statistics

Statistiche generali
  • Questo quiz è stato fatto 2.281 volte
  • Il punteggio medio è 29 su 54
Risposte nella Mappa
Le risposte nella mappa del quiz sottostante sono codificate secondo una scala di colori dal rosso al verde in base alla % di persone che hanno risposto correttamente.
 
Statistiche sulle risposte
nazione % Corretto
Algeria
94%
Egitto
93%
Marocco
93%
Libia
89%
Tunisia
89%
Sudan
78%
Mali
77%
Rep Dem Congo
77%
Repubblica del Congo
77%
Ciad
72%
Etiopia
72%
Niger
72%
Somalia
69%
Eritrea
68%
Sudafrica
68%
Nigeria
67%
Sud Sudan
66%
Madagascar
64%
Mauritania
64%
Angola
61%
Togo
58%
Senegal
51%
Tanzania
51%
Lesotho
50%
Mozambico
50%
Benin
49%
Ghana
49%
Guinea
49%
Kenya
49%
Namibia
49%
Camerun
47%
Malawi
46%
Gibuti
45%
Gambia
44%
Liberia
44%
Burundi
43%
Gabon
43%
Zambia
42%
Botswana
40%
Cabo Verde
39%
Mauritius
37%
Ruanda
37%
Burkina Faso
36%
Sierra Leone
35%
Swaziland
35%
Côte d'Ivoire
34%
Uganda
34%
Zimbabwe
34%
Comoros
33%
Guinea-Bissau
32%
Sao Tome e Principe
30%
Seychelles
26%
Guinea Equatoriale
24%
Repubblica Centrafricana
22%
Nessun quiz corrispondente trovato
Distribuzione punteggi
Percentuale di utenti per punteggio
Percentile per numero di risposta
I tuoi punteggi nel tempo
Non hai fatto questo quiz